| 000 | 00415 a2200145 4500 | ||
|---|---|---|---|
| 005 | 20250612105936.0 | ||
| 020 | _a0-13-150349-9 | ||
| 082 | _aLECT 658.401 DAV | ||
| 100 | _aDAVID, F. R. | ||
| 245 | _aStrategic management : Concepts and Cases. | ||
| 250 | _a10th Ed. | ||
| 260 |
_aNew Jersey, _bPearson Education, _c2005. |
||
| 300 |
_axxxii, 432p.: ill.; figure, picture, table _bReference _c26cm. |
||
| 942 |
_2ddc _cBKS |
||
| 999 |
_c3842 _d3842 |
||